00747nam a2200253 a 4500001001300000003000900013005001700022008004100039020002300080082001600103100001900119245002600138260005500164300000900219500003500228505002400263650001200287650001400299700001900313902000800332942000700340952012900347999001700476nice12345678IN_TiNIC20260116013721.0050524s1993 newa grp 000 0 eng  a8121515 c25000a181.48bVEL aVeliath, Cyril aMysticism of Ramanuja aNew Delhi bMunshiram Manoharlal Publishers c1993 a249p aincludes index and biblioraphy2 aBibliography, Index aVedanta aMysticism1 aVeliath, Cyril bSRS cBK 001040708StackRoom-aHMIbHMId2007-07-31g250.00l3o181.48 VELp018024r2022-09-14s2022-09-12v250.00w2005-05-24yBK c12130d12130